000 00887cam a22002411 4500
001 ca 29000180
003 DLC
005 20260227111121.0
008 890220s1927 pau 000 0 eng
010 _aca 29000180
035 _a(OCoLC)19240029
040 _aDLC
_cMnHi
_dMnHi
_dDLC
042 _apremarc
050 0 0 _aCS71
_b.W22 1927a
100 1 _aSeaver, J. Montgomery
_q(Jesse Montgomery),
_d1890-
245 0 0 _aWallace genealogical data;
_bsuggestions for a Wallace family association, a national Wallace family reunion, and a complete Wallace genealogy,
_cby J. Montgomery Seaver ...
260 _aPhiladelphia, Pa.,
_aWashington, D.C.,
_bAmerican Historical-Genealogical Society,
_c1927.
300 _a37, [1] p.
_c33 cm.
500 _aCaption title.
500 _aText runs parallel with back.
500 _aAutographed from type-written copy.
600 3 0 _aWallace family.
999 _c16489
_d16489